Stopnie w Wojsku Polskim (Siły Powietrzne) - Statystyki

Ogólne statystyki
  • Ten quiz został rozwiązany 274 razy
  • Średni wynik to 18 z 21
Statystyki odpowiedzi
Obrazkowy Odpowiedź % Poprawnych
Szeregowy
99%
Starszy Szeregowy
97%
Kapral
92%
Starszy Kapral
91%
Plutonowy
86%
Sierżant
85%
Starszy Sierżant
85%
Generał
83%
Chorąży
82%
Pułkownik
81%
Starszy Chorąży
81%
Kapitan
80%
Major
80%
Podpułkownik
80%
Porucznik
80%
Młodszy Chorąży
79%
Podporucznik
79%
Generał Dywizji
78%
Starszy Chorąży Sztabowy
78%
Generał Broni
77%
Generał Brygady
76%
Nie znaleziono quizów pasujących do podanych kryteriów
Rozkład punktacji
Procent ludzi z każdym wynikiem
Percentyl według liczby udzielonych odpowiedzi
Twoja historia wyników
Nie rozwiązałeś tego quizu